MARC details
| 000 -LEADER |
| fixed length control field |
01309nam a2200337 a 4500 |
| 001 - CONTROL NUMBER |
| control field |
vtls001465726 |
| 003 - CONTROL NUMBER IDENTIFIER |
| control field |
NLI |
| 005 - DATE AND TIME OF LATEST TRANSACTION |
| control field |
20210627125656.0 |
| 008 - FIXED-LENGTH DATA ELEMENTS--GENERAL INFORMATION |
| fixed length control field |
121201s1970 waua f000 0 eng |
| 039 #9 - LEVEL OF BIBLIOGRAPHIC CONTROL AND CODING DETAIL [OBSOLETE] |
| -- |
201212011831 |
| -- |
VLOAD |
| 040 ## - CATALOGING SOURCE |
| Original cataloging agency |
NLI |
| Language of cataloging |
eng |
| Transcribing agency |
Datasoft_FOD |
| Description conventions |
AACR2 |
| 041 0# - LANGUAGE CODE |
| Language code of text/sound track or separate title |
eng |
| 044 ## - COUNTRY OF PUBLISHING/PRODUCING ENTITY CODE |
| MARC country code |
wau |
| 082 04 - DEWEY DECIMAL CLASSIFICATION NUMBER |
| Classification number |
628.44 |
| 100 1# - MAIN ENTRY--PERSONAL NAME |
| Personal name |
Truitt, Marcus M., |
| Dates associated with a name |
1921- |
| 9 (RLIN) |
1022030 |
| 245 10 - TITLE STATEMENT |
| Title |
Mathematical modeling of solid waste collection policies / |
| Statement of responsibility, etc. |
by Marcus M. Truitt, Jon C. Liebman and Cornelius W. Kruse |
| 260 ## - PUBLICATION, DISTRIBUTION, ETC. |
| Place of publication, distribution, etc. |
[Washington] : |
| Name of publisher, distributor, etc. |
U.S. Bureau of Solid Waste Management; [for sale by the Supt. of Docs., U.S. Govt. Print. Off.], |
| Date of publication, distribution, etc. |
1970 |
| 300 ## - PHYSICAL DESCRIPTION |
| Extent |
xvii, 220, 69 p. : |
| Other physical details |
ill. ; |
| Dimensions |
26 cm. |
| 440 #0 - SERIES STATEMENT/ADDED ENTRY--TITLE |
| Title |
Public Health Service publication ; |
| Volume/sequential designation |
no. 2030 |
| 9 (RLIN) |
723982 |
| 650 #0 - SUBJECT ADDED ENTRY--TOPICAL TERM |
| Topical term or geographic name entry element |
Refuse and refuse disposal |
| General subdivision |
Mathematical models |
| 9 (RLIN) |
1019986 |
| 700 1# - ADDED ENTRY--PERSONAL NAME |
| Personal name |
Liebman, Jon C., |
| Dates associated with a name |
1934-, |
| Relationship |
jt. aut |
| 9 (RLIN) |
1022031 |
| 700 1# - ADDED ENTRY--PERSONAL NAME |
| Personal name |
Kruse, Cornelius W., |
| Dates associated with a name |
1913-, |
| Relationship |
jt. aut |
| 9 (RLIN) |
1022032 |
| 710 2# - ADDED ENTRY--CORPORATE NAME |
| Corporate name or jurisdiction name as entry element |
Johns Hopkins University |
| 9 (RLIN) |
784862 |
| 710 1# - ADDED ENTRY--CORPORATE NAME |
| Corporate name or jurisdiction name as entry element |
United States. |
| Subordinate unit |
Bureau of Solid Waste Management |
| 9 (RLIN) |
1022033 |
| 887 ## - NON-MARC INFORMATION FIELD |
| Content of non-MARC field |
|
| 901 ## - LOCAL DATA ELEMENT A, LDA (RLIN) |
| a |
AD 770 |
| b |
02.12.1975 |
| 9 |
vno.2030 |
| 902 ## - LOCAL DATA ELEMENT B, LDB (RLIN) |
| a |
U.S 628.44 T 769 |
| 904 ## - LOCAL DATA ELEMENT D, LDD (RLIN) |
| l |
C 8526 |
| 949 ## - LOCAL PROCESSING INFORMATION (OCLC) |
| -- |
VIRTUAITEM |
| -- |
10002 |
| -- |
100 |
| 6 |
FOD000000770ENG |
| 9 |
vno.2030 |
| 942 ## - ADDED ENTRY ELEMENTS (KOHA) |
| Source of classification or shelving scheme |
Dewey Decimal Classification |
| Koha item type |
Books |